000 01152nam2a2200277 4500
001 RU\NLR\bibl\2080204
005 20250616223240.0
010 _a978-5-9613-0244-8
_bт. 1
_9350
021 _aRU
_b2013-61689
_94231
035 _a(NLR Aleph) 002065146
090 _a4697544
_c4697544
100 _a20131009d2013 |||y0rusy50 ca
101 0 _abak
102 _aRU
105 _ay |||||||||
200 0 _aТ. 1
210 _d2013
_aБ. м.
215 _a371, [1] с.
_cпортр.
461 0 _1001RU\NLR\BIBL_A\010188834
_12000#$aҺайланма әҫәрҙәр$dИзбранные произведения$fҒаян Лоҡманов$zrus$vТ. 1$90
_1700#1$aЛоҡманов$bҒ. Л.$gҒаян Лоҡман улы
_910187571
_aЛоҡманов, Ғ. Л.
_cӨфө
_d2013
_fҒаян Лоҡманов
_lИзбранные произведения
_nМатбуғат донъяһы
_tҺайланма әҫәрҙәр
_y9785961302431
_vТ. 1$90
801 0 _aRU
_bNLR
_c20131009
_gRCR
801 1 _aRU
_bNLR
_c20131009
852 _aNLR
_bОНЛ
_jБашк./3-5505
942 _cBOOK
980 _aNB